[Event "51st Groningen Open A 2013"]
[Site "Groningen NED"]
[Date "2013.12.26"]
[Round "5.32"]
[White "Christiansen,Johan-Sebastian"]
[Black "Maris,Iv"]
[Result "1-0"]
[WhiteElo "2217"]
[BlackElo "2161"]

1.d4 Nf6 2.c4 g6 3.g3 Bg7 4.Bg2 O-O 5.Nf3 d6 6.Nc3 Nc6 7.O-O a6 8.Bf4 Rb8
9.Rc1 e6 10.Qd2 Bd7 11.c5 Qe7 12.cxd6 cxd6 13.e4 e5 14.Bg5 exd4 15.Nxd4 Nxd4
16.Qxd4 Bc6 17.Rfe1 Qe5 18.Qd2 Qe6 19.Rcd1 Ne8 20.Nd5 f6 21.Bf4 Rf7 22.Bf1 g5
23.Be3 Rc8 24.Bc4 Ba4 25.Rc1 Rxc4 26.Rxc4 Bb5 27.Rcc1 Bc6 28.Bb6 Kf8 29.Nb4 Bd7
30.Qd5 Qh3 31.Bc7 Be6 32.Bxd6+ Kg8 33.Qc5 h5 34.Re3 Kh7 35.Nd3 f5 36.exf5 Rxf5
37.Be5 Nf6 38.Qe7 Rxe5 39.Rxe5 Ng4 40.Qxe6 Bxe5 41.Qf5+ Kh6 42.Nxe5 Qxh2+
43.Kf1 Nxe5 44.Ke2 Ng6 45.Rc5  1-0

[Event "51st Groningen Open A 2013"]
[Site "Groningen NED"]
[Date "2013.12.27"]
[Round "6.24"]
[White "Garcia Palermo,C"]
[Black "Molinaroli,M"]
[Result "1-0"]
[WhiteElo "2450"]
[BlackElo "2269"]

1.d4 g6 2.c4 Bg7 3.Nf3 Nf6 4.g3 O-O 5.Bg2 d6 6.Nc3 c6 7.O-O Qa5 8.e4 Qh5
9.Ng5 Qxd1 10.Rxd1 h6 11.Nf3 Bg4 12.Be3 Nbd7 13.Rd2 Nb6 14.b3 c5 15.e5 Nfd7
16.exd6 exd6 17.Rc1 Rab8 18.Nb5 cxd4 19.Nfxd4 Nc8 20.h3  1-0

[Event "Cracovia Open A 2013-14"]
[Site "Krakow POL"]
[Date "2013.12.27"]
[Round "1.9"]
[White "Grabarczyk,M"]
[Black "Milonakis,G"]
[Result "1-0"]
[WhiteElo "2470"]
[BlackElo "2181"]

1.d4 Nf6 2.c4 g6 3.Nf3 Bg7 4.g3 O-O 5.Bg2 d6 6.Nc3 Nc6 7.O-O a6 8.Bf4 Rb8
9.Rc1 Bf5 10.d5 Na5 11.Qa4 c5 12.dxc6 bxc6 13.b4 Nxc4 14.Nd4 Bd7 15.Qxa6 Rxb4
16.Nxc6 Bxc6 17.Bxc6 Qb6 18.Qxb6 Rxb6 19.Bd5 Na3 20.Bb3 Rfb8 21.Rfd1 h6 22.Be3 R6b7
23.h3 Ne8 24.Ne4 Nc7 25.Rc6 Ne6 26.Ra6 Nb5 27.Bd5 Rc7 28.a4 Nbd4 29.a5 Nxe2+
30.Kf1 Nc3 31.Nxc3 Rxc3 32.Rb6 Rbc8 33.Bb7 Rf8 34.a6 Ra3 35.Rc6 Nc5 36.Rxc5 dxc5
37.Bxc5 Ra5 38.Be3 Rb8 39.Rd7 Bf6 40.a7 Re8 41.Kg2 Bg5 42.Bb6 Ra1 43.Rc7 e5
44.Bd5 Rd8 45.Bxf7+ Kh8 46.Rb7 Rdd1 47.Bxg6 Rd6 48.Bc7 Rxg6 49.Bxe5+ Kg8
50.Bxa1  1-0

[Event "Cracovia Open A 2013-14"]
[Site "Krakow POL"]
[Date "2013.12.28"]
[Round "2.5"]
[White "Wiewiora,E"]
[Black "Kanarek,M"]
[Result "1/2-1/2"]
[WhiteElo "2232"]
[BlackElo "2473"]

1.d4 Nf6 2.c4 g6 3.Nf3 Bg7 4.g3 O-O 5.Bg2 d6 6.O-O Nc6 7.Nc3 Bg4 8.d5 Na5
9.Nd2 c5 10.h3 Bd7 11.Qc2 a6 12.b3 b5 13.Bb2 Rb8 14.Rab1 Qc7 15.e4 bxc4 16.bxc4 e5
17.Ne2 Rb4 18.Bc3 Ra4 19.Ba1 Bh6 20.f4 Nh5 21.Kh2 f6 22.Rf3 Rb4 23.Bc3 Ra4
24.Ba1 Rb4 25.Bc3 Rxb1 26.Qxb1 Nb7 27.Qb2 Rb8 28.Qc1 a5 29.Qf1 a4 30.g4 Nxf4
31.Nxf4 Bxf4+ 32.Rxf4 exf4 33.Qxf4 Rf8 34.Bxf6 Nd8 35.Nf3 Nf7 36.g5 Re8 37.h4 Ne5
38.Nxe5 dxe5 39.Qg3 Qd6 40.Bf3 h5 41.Bg2 Qb8 42.Qf2 Qb4 43.Bxe5 Rxe5  1/2-1/2

[Event "10th Schachturken-Cup 2013"]
[Site "Paderborn GER"]
[Date "2013.12.28"]
[Round "4"]
[White "Borovikov,V"]
[Black "Tkachuk,Sergij"]
[Result "1-0"]
[WhiteElo "2557"]
[BlackElo "2200"]

1.d4 Nf6 2.Nf3 g6 3.c4 Bg7 4.g3 O-O 5.Bg2 d6 6.O-O c6 7.Nc3 Bg4 8.h3 Bxf3
9.Bxf3 Nbd7 10.Rb1 a5 11.b3 Qc7 12.e4 Rfe8 13.Be3 e5 14.d5 Nc5 15.Qe2 Nfd7
16.a3 f5 17.b4 axb4 18.axb4 Nxe4 19.Nxe4 fxe4 20.Bxe4 Nf6 21.Qd3 Nxe4 22.Qxe4 Qd7
23.Rfd1 Bf8 24.c5 dxc5 25.bxc5 Rad8 26.d6 Qf7 27.Rb6 Rd7 28.Rdb1 Ra8 29.Qxe5 Bg7
30.Qe4 h6 31.h4 Ra7 32.R6b4 Ra8 33.Qd3 Rf8  1-0

[Event "51st Groningen Open A 2013"]
[Site "Groningen NED"]
[Date "2013.12.30"]
[Round "9.49"]
[White "Hummel,J"]
[Black "Den Hartog,Marijn"]
[Result "0-1"]
[WhiteElo "2006"]
[BlackElo "2025"]

1.Nf3 Nf6 2.d4 g6 3.c4 Bg7 4.g3 O-O 5.Bg2 d6 6.O-O c6 7.Nc3 Qa5 8.d5 cxd5
9.cxd5 b5 10.b4 Qxb4 11.Bd2 Bd7 12.Rb1 Qc5 13.e4 Ng4 14.Qb3 a6 15.a4 bxa4
16.Qb7 Qa7 17.Qb4 Bb5 18.Nxb5 axb5 19.h3 Ne5 20.Nxe5 Bxe5 21.Be3 Qa5 22.Qa3 Na6
23.Rfd1 b4 24.Bd2 bxa3 25.Bxa5 a2 26.Ra1 Bxa1 27.Rxa1 Nc5 28.Bc3 Rfb8 29.Rxa2 a3
30.e5 Ra4 31.exd6 exd6 32.h4 f5 33.h5 Rb3 34.Ba1 Rb1+ 35.Bf1 Nb3 36.Bc3 Nc1
37.Rc2 a2 38.h6 a1=Q 39.Bxa1 Raxa1 40.Rc8+ Kf7 41.Rc7+ Kf6 42.Kg2 Nb3 43.Bd3 Rg1+
44.Kf3 Rae1  0-1

[Event "2nd Gurgaon Open 2014"]
[Site "Gurgaon IND"]
[Date "2014.01.04"]
[Round "6.6"]
[White "Krishna,CRG"]
[Black "Sanikidze,T"]
[Result "0-1"]
[WhiteElo "2318"]
[BlackElo "2541"]

1.d4 d6 2.c4 g6 3.g3 Bg7 4.Nf3 Nf6 5.Bg2 O-O 6.O-O Nc6 7.Nc3 a6 8.Qd3 Bf5
9.e4 Bg4 10.Be3 Bxf3 11.Bxf3 Nd7 12.Bg2 e5 13.d5 Nd4 14.Ne2 Nxe2+ 15.Qxe2 a5
16.Qd2 b6 17.Rae1 Qe7 18.f4 exf4 19.gxf4 Rae8 20.Bd4 Bxd4+ 21.Qxd4 f5 22.Bh3 Qh4
23.Re3 Nf6 24.exf5 Ng4 25.Rg3 gxf5 26.Bxg4 fxg4 27.f5 Kf7 28.Qxg4 Qxg4 29.Rxg4 Rg8
30.Rxg8 Rxg8+ 31.Kf2 Rg4 32.Rc1 Kf6 33.Rc3 Kxf5 34.a4 Rf4+ 35.Kg3 Ke4 36.c5 Ke5
37.cxb6 cxb6 38.Rc7 Rxa4 39.Rxh7 Kxd5 40.Rh5+ Kc6 41.Rf5 Re4 42.h4 d5 43.h5 Re6
44.Kf4 d4 45.Re5 Rxe5 46.Kxe5 d3 47.h6 d2 48.h7 d1=Q 49.h8=Q Qe2+ 50.Kf4 Kb5
51.Qg7 Qd2+ 52.Ke4 Ka4 53.Qf6 Qe2+ 54.Kd4 Qb5 55.Ke4 Kb3 56.Qc3+ Ka2 57.Qa3+ Kb1
58.b3 Qb4+  0-1